01358nam a2200241 a 4500001001000000003000900010005001700019008003400036040005400070041000800124072000800132090001800140100001800158245003500176260004000211300001100251520065900262650002500921650001100946942001400957999001500971952013000986BS0002263BR-BrBNA20230828141332.0230308b |||||||| |||| 00| 0 por d aBR-BrBNAbporcBiblioteca Nacional de Agricultura apor aS82 aS82 BS00022631 aArcher, Fred.1 aCrime and the psychic world / 3 aNova Iorque: bDell Books, c1970.  a189 p.3 aHere in action are the world's greatest psychic detectives, such men as Peter Hurkos and Gerald Croiset. Here are famous mediums who have solved and even prevented crimes through second-sight and precognition. Here are criminals possessed by forces stronger than their wills and others struck down by vengeance from beyond the grave. Here is the little-known truth about how often the police employ psychic aid in their most baffling puzzles. One of the foremost psychic investigators of today has written a book more enthralling than fiction - a landmark work more leads us to greater appreciation of the powers the mind itself may not know it possesses aLITERATURA AMERICANA aCONTAS cBK2AGRIS c7314d7314 002AGRIS40708CULTURALa41918b41918l0o S82 BS0002263 pS82 BS0002263r2023-04-12t01yBK10d2023-04-04eDoaçãofS82